La revolución de octubre / (Record no. 147057)

MARC details
000 -LEADER
campo de control de longitud fija 00598nam a2200205 i 4500
001 - NÚMERO DE CONTROL
campo de control 147057
003 - IDENTIFICADOR DE NÚMERO DE CONTROL
campo de control ES-MaACL
005 - FECHA Y HORA DE LA ÚLTIMA TRANSACCIÓN
campo de control 20250512063037.0
007 - CAMPO FIJO DE DESCRIPCIÓN FÍSICA--INFORMACIÓN GENERAL
campo de control de longitud fija t|
008 - DATOS DE LONGITUD FIJA--INFORMACIÓN GENERAL
campo de control de longitud fija 070920s1977 sp ||||1| spa d
080 ## - NÚMERO DE LA CLASIFICACIÓN DECIMAL UNIVERSAL
Número de la Clasificación Decimal Universal 947"1917/21"(04)
100 1# - ENTRADA PRINCIPAL--NOMBRE DE PERSONA
Nombre de persona Trotsky, Leon,
Fechas asociadas al nombre 1879-1940
9 (RLIN) 240350
245 13 - MENCIÓN DEL TÍTULO
Título La revolución de octubre /
Mención de responsabilidad, etc. Leon Trotsky.
250 ## - MENCION DE EDICION
Mención de edición [1ª ed.].
260 ## - PUBLICACIÓN, DISTRIBUCIÓN, ETC.
Lugar de publicación, distribución, etc. [Barcelona] :
Nombre del editor, distribuidor, etc. Fontamara,
Fecha de publicación, distribución, etc. [1977]
300 ## - DESCRIPCIÓN FÍSICA
Extensión 249 p. ;
Dimensiones 19 cm.
651 #4 - PUNTO DE ACCESO ADICIONAL DE MATERIA--NOMBRE GEOGRÁFICO
Nombre geográfico Rusia-
Subdivisión general Historia-
Subdivisión cronológica 1917-1921, Revolución.
9 (RLIN) 9336
852 ## - LOCALIZACIÓN
Ubicación ES-MaACL
Número de control de estantería A-7841
Sublocalización o colección R.96827
Holdings
Estatus retirado Estado de pérdida Estado de daño No para préstamo Biblioteca de origen Biblioteca actual Ubicación en estantería Fecha de adquisición Fuente de adquisición Total de préstamos Signatura topográfica completa Código de barras Visto por última vez Precio de reemplazo Tipo de ítem Koha
        Biblioteca del Ateneo de Madrid Biblioteca del Ateneo de Madrid Sala Pecera Planta 1 17/01/2008     A-7841 1153470 23/02/2023 23/02/2023 Libro impreso